000 00761nam a22002297a 4500
999 _c17461
_d17461
003 AR-CdUCM
008 190508b ||||| |||| 00| 0 spa d
040 _aMUNICIPALIDAD PROVINCIAL DEL CUSCO
_cBIBLIOTECA MUNICIPAL DEL CUSCO
082 _22ed.
_a800 /
_bM65
100 _aMistral, Frederi
_937493
245 _aObras escogidas /
260 _aMadrid :
_bAguilar,
_c1957.
300 _a1130 paginas ;
_c19 cm.
440 _aBiblioteca premios Nobel
_9447
505 _aContenido : Poemas -- Romances -- Sueños -- Sonetos -- Saludos...
650 _aPremio nobel
_9357
650 _aNovela europea
_936923
650 _aObras escogidas
_937478
700 _aVelloso José Miguel(Traducción)
_937494
942 _2ddc
_cLIBROS
945 _awnts
_d2019-05-08